000 01058nam a2200313 i 4500
001 192814
003 SpMaBN
005 20250804062652.0
008 230529s2012 sp | |||| 000 f spa
017 _aB 18276-2012
_bOficina Depósito Legal Barcelona
020 _a9788415577232
035 _a(OCoLC)828302549
040 _aSpMaBN
_bspa
_cSpMaBN
_erdc
_dES-MaACL
080 _a821.134.2-31"19"
100 1 _aRoyo, Jaim,
_d1971-
_9226459
_eaut
245 1 0 _aGran océano /
_cJaime Royo-Villanova
250 _aPrimera edición en esta colección: junio de 2012
260 _aBarcelona :
_bPlataforma Editorial,
_c2012
300 _a196 páginas ;
_c22 cm
336 _aTexto (visual)
_2isbdcontent
337 _asin mediación
_2isbdmedia
490 1 _aPlataforma ficción ;
_v9
655 0 _aNovelas
_9234319
830 _9226461
_aPlataforma ficción ;
_v9
852 _aES-MaACL
_bR.151875
_cDEPOJ
_hDonación: Editorial
_jN-8436
_9200116
942 _cMONOGRAFIA
_n0
999 _c192814
_d192814